Devoto novenario al serafin humano San Francisco de Asís / que le consagran sus devotos siguiendo el que compuso Antonio Baylina
Descripción Física:
56 p. ; 13,5 cm
Materias:
Francesc d'Assís, Sant -- Devocionaris
MARC
| LEADER | 00000nam a2200000Ia 4500 | ||
|---|---|---|---|
| 001 | 14732 | ||
| 008 | 160829s1952 xx 000 0 cat d | ||
| 080 | |a FU-2-75 | ||
| 100 | |a Baylina, Antoni |9 37879 | ||
| 245 | |a Devoto novenario al serafin humano San Francisco de Asís / que le consagran sus devotos siguiendo el que compuso Antonio Baylina | ||
| 250 | |a Nueva ed. | ||
| 260 | |a Barcelona : |b Editorial Seráfica, |c 1952 | ||
| 300 | |a 56 p. ; |c 13,5 cm | ||
| 590 | |a A la contraportada: Casa Provincial de Caridad. Imprenta Escuela | ||
| 650 | |a Francesc d'Assís, Sant |x Devocionaris |9 37880 | ||
| 710 | |a Casa de Caritat (Barcelona, Catalunya) |9 52406 | ||
| 856 | 4 | |u https://media.diba.cat/diba/fitxers/arxiu/fulletons/bib_14732_baixa.pdf |y Accés lliure | |
| 856 | 4 | |u https://media.diba.cat/diba/fitxers/arxiu/fulletons/bib_14732_baixa.pdf |y Accés lliure | |
| 901 | |a Arxiu | ||
| 942 | |n 1 |2 udc | ||
| 952 | |0 0 |1 0 |4 0 |6 FU275 |7 1 |9 48132 |a Arxiu |b Arxiu |d 2016-12-01 |l 0 |o FU-2-75 |p 14732 |r 2016-12-01 00:00:00 |w 2016-12-01 |y ARXIU | ||
| 999 | |c 51935 |d 51935 | ||
| 900 | |a bib_14732_baixa.pdf | ||